| 000 | 00990pam a2200289 a 4500 | ||
|---|---|---|---|
| 999 |
_c1021 _d1021 |
||
| 001 | 2068279 | ||
| 003 | OSt | ||
| 005 | 20191106140842.0 | ||
| 008 | 940324s1995 stka b 001 0 eng c | ||
| 010 | _a 94014559 | ||
| 020 | _a0443048967 | ||
| 040 |
_aDNLM/DLC _cDLC _dDLC |
||
| 050 | 0 | 0 |
_aRC359.5 _b.H37 1995 |
| 060 | 1 | 0 | _aWD 308 1994 |
| 082 | 0 | 0 |
_aWL 141 H245a 1995 _220 |
| 100 | 1 |
_aHarrison, M. J. G.; McArthur, Justin C. _92744 |
|
| 245 | 1 | 0 | _aAIDS and Neurology |
| 260 |
_aEdinburgh ; _bChurchill Livingstone, _c1995. |
||
| 300 |
_aviii, 262 p. : _bill. (some col.) ; _c26 cm. |
||
| 440 | 0 |
_aClinical neurology and neurosurgery monographs _92745 |
|
| 504 | _aIncludes bibliographical references and index. | ||
| 650 | 0 |
_aNervous system _92746 |
|
| 650 | 0 |
_aAIDS/HIV _92747 |
|
| 906 |
_a7 _bcbc _corignew _d1 _eocip _f19 _gy-gencatlg |
||
| 942 |
_2z _cSLOAN |
||